Topologia dos espaços de aplicações holomorfas /

Guardado en:
Autor Principal: Nachbin, Leopoldo.
Autor Corporativo: Colóquio Brasileiro de Matemática
Formato: Libro
Idioma:English
Portuguese
Publicado: [Brasil : IMPA?], 1967.
Etiquetas: Agregar Etiqueta
Sin Etiquetas, Sea el primero en etiquetar este registro!
LEADER 00771nam a22001935a 4500
001 MAT.inmabb004561
008 070518s1967####bl#######b####100#0#eng#d
005 20130304175405.0
245 1 0 |a Topologia dos espaços de aplicações holomorfas /  |c Leopoldo Nachbin. 
260 |a [Brasil :  |b IMPA?],  |c 1967. 
300 |a iii, 68 p. ;  |c 28 cm. 
500 |a "6.º Colóquio Brasileiro de Matemática, Poços de Caldas, julho de 1967". 
546 |a Texto en inglés, portada y texto introductorio en portugués. 
504 |a Incluye referencias bibliográficas (p. 66-68). 
100 1 |a Nachbin, Leopoldo. 
711 2 |a Colóquio Brasileiro de Matemática  |n (6º :  |d 1967 :  |c Poços de Caldas) 
084 |a 46.30 (32.00)  |2 MR 
041 1 |a eng  |a por 
859 |h 46  |i N119t  |p A-6252  |b BIB. MATEMATICA